Carta de suelos de la República Argentina hoja 3360-25, Melincué /

Guardado en:
Autor Corporativo: Instituto Nacional de Tecnología Agropecuaria (Argentina). Centro de Investigación de Recursos Naturales.
Formato: Mapa
Idioma:Undetermined
Publicado: Buenos Aires : INTA, 1974.
Materias:
Etiquetas: Agregar Etiqueta
Sin Etiquetas, Sea el primero en etiquetar este registro!
LEADER 01021nem a22001815a 4500
001 EEA.libagro010175
008 141015s1974####ag########a#####1###und#d
005 20191018124827.0
245 1 0 |a Carta de suelos de la República Argentina  |h [material cartográfico] :  |b hoja 3360-25, Melincué /  |c Instituto Nacional de Tecnología Agropecuaria, [Centro de Investigación de Recursos Naturales, Unidad de Reconocimiento de Suelos]. 
255 |a Escala 1:50.000 
260 |a Buenos Aires :  |b INTA,  |c 1974. 
300 |a 97 p. :  |b il. ;  |c 28 cm. +  |e 4 fotocartas pleg. en sobre y 1h. guía de unidades cartográficas. 
505 0 |a Hoja 3360-25-1 Firmat -- Hoja 3360-25-2 Bigand -- 3360-25-3 Melincué -- Hoja 3360-25-4 Alcorta. 
110 2 |a Instituto Nacional de Tecnología Agropecuaria (Argentina).  |b Centro de Investigación de Recursos Naturales. 
082 0 4 |a 631.4782 
651 7 |a Argentina 
859 |a AR-BbBCA  |b BIB. AGRONOMIA  |h 631.4782  |i A691 3360-25  |p 1975/0029 
859 |a AR-BbBCA  |b BIB. AGRONOMIA  |h 631.4782  |i A691 3360-25  |p 1989/1243  |t Ej.2